Fast Typing J - Statistics

General Stats
  • This quiz has been taken 71 times
  • The average score is 219 of 400
Answer Stats
J % Correct
j
100%
j
100%
j
100%
j
100%
j
100%
j
100%
j
100%
j
100%
j
100%
j
100%
j
100%
j
100%
j
100%
j
100%
j
100%
j
100%
j
100%
j
100%
j
100%
j
100%
j
97%
j
97%
j
97%
j
97%
j
97%
j
97%
j
97%
j
97%
j
97%
j
97%
j
97%
j
97%
j
97%
j
97%
j
97%
j
97%
j
97%
j
97%
j
95%
j
95%
j
95%
j
95%
j
95%
j
95%
j
95%
j
95%
j
95%
j
95%
j
95%
j
95%
j
92%
j
92%
j
92%
j
92%
j
92%
j
92%
j
92%
j
92%
j
90%
j
90%
j
90%
j
90%
j
90%
j
87%
j
87%
j
87%
j
87%
j
87%
j
87%
j
87%
j
87%
j
87%
j
87%
j
87%
j
87%
j
85%
j
85%
j
85%
j
85%
j
85%
j
82%
j
82%
j
82%
j
82%
j
82%
j
82%
j
82%
j
82%
j
82%
j
82%
j
79%
j
77%
j
77%
j
72%
j
69%
j
69%
j
69%
j
69%
j
69%
j
67%
j
67%
j
67%
j
67%
j
67%
j
67%
j
67%
j
67%
j
67%
j
67%
j
64%
j
62%
j
62%
j
59%
j
56%
j
56%
j
54%
j
54%
j
54%
j
54%
j
54%
j
54%
j
54%
j
54%
j
51%
j
51%
j
51%
j
51%
j
51%
j
51%
j
51%
j
51%
j
51%
j
49%
j
49%
j
49%
j
49%
j
49%
j
49%
j
49%
j
49%
j
49%
j
49%
j
49%
j
49%
j
49%
j
49%
j
49%
j
49%
j
49%
j
49%
j
49%
j
49%
j
49%
j
49%
j
49%
j
49%
j
49%
j
49%
j
49%
j
49%
j
49%
j
49%
j
49%
j
49%
j
49%
j
49%
j
49%
j
49%
j
49%
j
49%
j
49%
j
49%
j
49%
j
49%
j
49%
j
49%
j
49%
j
49%
j
49%
j
49%
j
49%
j
49%
j
49%
j
49%
j
49%
j
49%
j
49%
j
49%
j
49%
j
49%
j
49%
j
49%
j
49%
j
49%
j
49%
j
49%
j
49%
j
49%
j
49%
j
49%
j
49%
j
49%
j
49%
j
49%
j
49%
j
49%
j
49%
j
49%
j
49%
j
49%
j
49%
j
49%
j
49%
j
49%
j
49%
j
49%
j
49%
j
49%
j
49%
j
49%
j
49%
j
49%
j
49%
j
49%
j
49%
j
49%
j
49%
j
49%
j
49%
j
49%
j
49%
j
49%
j
49%
j
49%
j
49%
j
49%
j
49%
j
49%
j
49%
j
49%
j
49%
j
49%
j
49%
j
49%
j
49%
j
49%
j
49%
j
49%
j
49%
j
49%
j
49%
j
49%
j
46%
j
46%
j
46%
j
44%
j
44%
j
44%
j
44%
j
44%
j
44%
j
44%
j
44%
j
44%
j
44%
j
44%
j
44%
j
44%
j
44%
j
44%
j
44%
j
44%
j
44%
j
44%
j
44%
j
44%
j
44%
j
44%
j
44%
j
44%
j
44%
j
44%
j
44%
j
44%
j
44%
j
44%
j
44%
j
41%
j
41%
j
38%
j
38%
j
36%
j
36%
j
36%
j
36%
j
36%
j
36%
j
33%
j
33%
j
33%
j
33%
j
33%
j
33%
j
33%
j
33%
j
33%
j
33%
j
33%
j
33%
j
33%
j
33%
j
33%
j
33%
j
33%
j
33%
j
33%
j
33%
j
33%
j
33%
j
33%
j
33%
j
33%
j
33%
j
33%
j
33%
j
33%
j
33%
j
33%
j
33%
j
33%
j
33%
j
33%
j
33%
j
33%
j
33%
j
33%
j
33%
j
33%
j
33%
j
33%
j
33%
j
33%
j
33%
j
33%
j
33%
j
33%
j
33%
j
33%
j
33%
j
31%
j
31%
j
31%
j
31%
j
31%
j
31%
j
31%
j
31%
j
31%
j
31%
j
31%
j
31%
j
31%
j
31%
j
28%
j
28%
j
28%
j
28%
j
28%
j
28%
j
28%
j
28%
j
28%
j
28%
j
28%
j
28%
j
28%
j
28%
j
28%
j
28%
j
28%
j
28%
j
28%
j
28%
j
28%
j
28%
j
28%
j
28%
j
28%
j
28%
j
28%
j
28%
j
28%
j
28%
j
28%
j
28%
j
28%
j
28%
j
28%
j
28%
j
28%
No matching quizzes found
Score Distribution
Percent of People with Each Score
Percentile by Number Answered
Your Score History
You have not taken this quiz